[Event "Titled Tue 10th Jun Early"]
[Site "chess.com INT"]
[Date "2025.06.10"]
[Round "1"]
[White "Ambartsumian, Tyhran"]
[Black "Mata Gonzalez, Jose Fernando"]
[Result "1-0"]
[WhiteTitle "CM"]
[BlackTitle "CM"]
[WhiteElo "2244"]
[BlackElo "2164"]
[WhiteFideId "34161112"]
[BlackFideId "5107423"]
[EventDate "2025.06.10"]

1. e4 c5 2. Nf3 Nc6 3. Bb5 e6 4. O-O Qb6 5. Nc3 a6 6. Bxc6 Qxc6 7. d4 cxd4 8.
Nxd4 Qc7 9. Re1 Bc5 10. Be3 d6 11. Qg4 g6 12. Rad1 Nf6 13. Qh4 Qe7 14. Bg5 1-0

[Event "Titled Tue 10th Jun Early"]
[Site "chess.com INT"]
[Date "2025.06.10"]
[Round "1"]
[White "Xue, Haowen"]
[Black "Soto, Cristian Camilo"]
[Result "1-0"]
[WhiteTitle "GM"]
[BlackTitle "FM"]
[WhiteElo "2518"]
[BlackElo "2070"]
[WhiteFideId "8625492"]
[BlackFideId "4407008"]
[EventDate "2025.06.10"]

1. a3 g6 2. Nf3 Bg7 3. e4 d6 4. d4 Nf6 5. Bd3 O-O 6. O-O c5 7. dxc5 dxc5 8. Qe2
Nc6 9. h3 Qc7 10. Nc3 b6 11. e5 Nd7 12. Nd5 Qd8 13. e6 fxe6 14. Qxe6+ Kh8 15.
Qxc6 1-0

[Event "Titled Tue 10th Jun Early"]
[Site "chess.com INT"]
[Date "2025.06.10"]
[Round "1"]
[White "Dragnev, Valentin"]
[Black "Jimenez Salas, Maria Teresa"]
[Result "1-0"]
[WhiteTitle "GM"]
[BlackTitle "WIM"]
[WhiteElo "2547"]
[BlackElo "2170"]
[WhiteFideId "1634852"]
[BlackFideId "3843866"]
[EventDate "2025.06.10"]

1. e4 c5 2. Nc3 Nc6 3. Nge2 g6 4. d4 cxd4 5. Nxd4 Bg7 6. Nxc6 bxc6 7. Bc4 e6 8.
Qd6 Qe7 9. Bf4 e5 10. Qxe7+ Nxe7 11. Be3 Bb7 12. O-O-O O-O 13. Rxd7 Bc8 14. Rxe7
Bf6 15. Rc7 Bd8 16. Rxc6 Bb7 17. Rd6 Be7 18. Rd7 Rac8 1-0

[Event "Titled Tue 10th Jun Early"]
[Site "chess.com INT"]
[Date "2025.06.10"]
[Round "1"]
[White "Sek, Konstantin"]
[Black "Andrade, Ivan"]
[Result "1-0"]
[WhiteTitle "IM"]
[BlackTitle "FM"]
[WhiteElo "2368"]
[BlackElo "2144"]
[WhiteFideId "24104302"]
[BlackFideId "14800039"]
[EventDate "2025.06.10"]

1. e4 c5 2. Nf3 d6 3. d4 cxd4 4. Nxd4 Nf6 5. Nc3 a6 6. h3 e6 7. g4 Qc7 8. g5
Nfd7 9. Be3 b5 10. a3 Bb7 11. f4 Nc5 12. Bg2 Nbd7 13. O-O Nb6 14. Bf2 Nc4 15. b3
Nb6 16. Qd2 Rc8 17. Rad1 Be7 18. h4 O-O 19. h5 Rfd8 20. g6 Bf8 21. f5 e5 22.
Nde2 Nxb3 23. cxb3 d5 24. exd5 f6 25. Qe3 h6 26. Qxb6 1-0

[Event "Titled Tue 10th Jun Early"]
[Site "chess.com INT"]
[Date "2025.06.10"]
[Round "1"]
[White "Oro, Faustino"]
[Black "Radchenko, Alexey"]
[Result "1-0"]
[WhiteTitle "IM"]
[BlackTitle "FM"]
[WhiteElo "2465"]
[BlackElo "2290"]
[WhiteFideId "20000197"]
[BlackFideId "4192362"]
[EventDate "2025.06.10"]

1. e4 c6 2. Nf3 d5 3. Nc3 dxe4 4. Nxe4 Nf6 5. Qe2 Nxe4 6. Qxe4 Nd7 7. Bc4 Nf6 8.
Qe2 e6 9. d4 b5 10. Bd3 Bd6 11. O-O O-O 12. Re1 Bb7 13. Bg5 h6 14. Bh4 Be7 15.
c3 a6 16. a4 Nd5 17. Bg3 bxa4 18. Rxa4 c5 19. dxc5 Bxc5 20. Ne5 a5 21. Qe4 f5
22. Qe2 f4 23. Qe4 fxg3 24. Qh7# 1-0

[Event "Titled Tue 10th Jun Early"]
[Site "chess.com INT"]
[Date "2025.06.10"]
[Round "1"]
[White "Wieczorek, Zbigniew"]
[Black "Hoang, Thi Bao Tram"]
[Result "0-1"]
[WhiteTitle "FM"]
[BlackTitle "WGM"]
[WhiteElo "2105"]
[BlackElo "2163"]
[WhiteFideId "1102001"]
[BlackFideId "12401102"]
[EventDate "2025.06.10"]

1. Nf3 g6 2. c4 Bg7 3. Nc3 d6 4. d4 f5 5. e4 fxe4 6. Nxe4 Nf6 7. Nxf6+ exf6 8.
Be2 O-O 9. O-O d5 10. cxd5 Qxd5 11. Bf4 c6 12. Rc1 Kh8 13. Bc4 Qd8 14. d5 cxd5
15. Qxd5 Nc6 16. Rfd1 Bg4 17. h3 Qxd5 18. Bxd5 Bxf3 19. Bxf3 Rac8 20. Rd7 Ne5
21. Bxb7 Rxc1+ 22. Bxc1 Nxd7 0-1

[Event "Titled Tue 10th Jun Early"]
[Site "chess.com INT"]
[Date "2025.06.10"]
[Round "1"]
[White "Andrews, Todd"]
[Black "Sargsyan, Shant"]
[Result "0-1"]
[WhiteTitle "FM"]
[BlackTitle "GM"]
[WhiteElo "2097"]
[BlackElo "2669"]
[WhiteFideId "2012456"]
[BlackFideId "13306766"]
[EventDate "2025.06.10"]

1. d4 g6 2. c4 Nf6 3. Nf3 Bg7 4. Nc3 O-O 5. e4 d6 6. Be2 e5 7. O-O h6 8. Re1
Nbd7 9. d5 a5 10. Rb1 Nc5 11. b3 Nfxe4 12. Nxe4 Nxe4 13. Bd3 Nc3 14. Qc2 Nxb1
15. Qxb1 f5 16. Bc2 e4 17. Nd2 Bd7 18. Nf1 Qf6 19. Ng3 Rae8 20. Bd2 b6 21. a3
Qb2 22. Qd1 Qxa3 23. h4 h5 24. Nxh5 gxh5 25. Qxh5 Qb2 26. Re3 Qxc2 27. Rg3 Qxd2
28. Qg6 Re7 29. h5 f4 30. Rg5 e3 31. h6 Qxf2+ 32. Kh2 Qh4+ 33. Kg1 e2 0-1

[Event "Titled Tue 10th Jun Early"]
[Site "chess.com INT"]
[Date "2025.06.10"]
[Round "1"]
[White "Karttunen, Mika"]
[Black "Vasilenok, Anton"]
[Result "1-0"]
[WhiteTitle "IM"]
[BlackTitle "CM"]
[WhiteElo "2490"]
[BlackElo "2137"]
[WhiteFideId "502081"]
[BlackFideId "34133124"]
[EventDate "2025.06.10"]

1. e4 d6 2. d4 Nf6 3. Nc3 g6 4. Be2 Bg7 5. h4 Nc6 6. Be3 e5 7. d5 Ne7 8. h5 gxh5
9. Bxh5 Nxh5 10. Qxh5 Ng6 11. Nge2 Bd7 12. g3 Qf6 13. f4 O-O-O 14. f5 Qe7 15.
fxg6 hxg6 16. Qf3 Bg4 17. Qxg4+ 1-0

[Event "Titled Tue 10th Jun Early"]
[Site "chess.com INT"]
[Date "2025.06.10"]
[Round "1"]
[White "Sitnic, Adnan"]
[Black "Ernst, Sipke"]
[Result "0-1"]
[WhiteTitle "CM"]
[BlackTitle "GM"]
[WhiteElo "2058"]
[BlackElo "2518"]
[WhiteFideId "14403854"]
[BlackFideId "1004689"]
[EventDate "2025.06.10"]

1. e4 e5 2. Nf3 Nc6 3. Bb5 a6 4. Ba4 d6 5. O-O Bd7 6. c3 Nf6 7. Re1 g6 8. h3 Bg7
9. d4 O-O 10. Bg5 h6 11. Bh4 Qe8 12. d5 Nb8 13. Bc2 a5 14. a4 Na6 15. Nbd2 Nh5
16. Nf1 f5 17. Ng3 g5 18. Nxh5 Qxh5 19. Bg3 f4 20. Bh2 g4 21. Nd2 f3 22. hxg4
Bxg4 23. g3 Qh3 0-1

[Event "Titled Tue 10th Jun Early"]
[Site "chess.com INT"]
[Date "2025.06.10"]
[Round "1"]
[White "Uraev, Ivan"]
[Black "Pragnya H G"]
[Result "1-0"]
[WhiteTitle "FM"]
[BlackTitle "WFM"]
[WhiteElo "2194"]
[BlackElo "2003"]
[WhiteFideId "4192443"]
[BlackFideId "25609785"]
[EventDate "2025.06.10"]

1. e4 c5 2. Nc3 e6 3. Nf3 Nc6 4. a3 d6 5. d4 cxd4 6. Nxd4 Nf6 7. Be3 Be7 8. Be2
a6 9. f3 Qc7 10. Qd2 Nxd4 11. Bxd4 b5 12. g4 h6 13. h4 Bb7 14. O-O-O d5 15. g5
e5 16. gxf6 exd4 17. fxg7 Rg8 18. Qxd4 O-O-O 19. Nxd5 Bc5 20. Qf6 Rd6 21. Qf5+
Qd7 22. Ne7+ Kb8 23. Qxd7 Rxd7 24. Nxg8 Re7 25. Nxe7 1-0

[Event "Titled Tue 10th Jun Early"]
[Site "chess.com INT"]
[Date "2025.06.10"]
[Round "1"]
[White "Komov, Roman"]
[Black "Lopez, Henry"]
[Result "1-0"]
[WhiteTitle "FM"]
[WhiteElo "2239"]
[BlackElo "2050"]
[WhiteFideId "24175714"]
[BlackFideId "5203830"]
[EventDate "2025.06.10"]

1. e4 c5 2. Nf3 a6 3. c3 d5 4. exd5 Qxd5 5. d4 Nf6 6. Be2 cxd4 7. cxd4 e6 8. Nc3
Qd6 9. O-O Nc6 10. Re1 Be7 11. a3 O-O 12. Bd3 h6 13. Be3 b5 14. Qd2 Rd8 15. Rad1
Bb7 16. Bf4 Qd7 17. Bxh6 gxh6 18. Qxh6 Qe8 19. Ng5 Qf8 20. Bh7+ Kh8 21. Nxf7+ 1-0

[Event "Titled Tue 10th Jun Early"]
[Site "chess.com INT"]
[Date "2025.06.10"]
[Round "1"]
[White "Onoprijchuk, Boris"]
[Black "Wagh, Suyog"]
[Result "0-1"]
[WhiteTitle "IM"]
[BlackTitle "FM"]
[WhiteElo "2385"]
[BlackElo "2319"]
[WhiteFideId "4171179"]
[BlackFideId "25071688"]
[EventDate "2025.06.10"]

1. e4 c6 2. d4 d5 3. Nc3 dxe4 4. Nxe4 Nd7 5. Nf3 Ngf6 6. Bd3 Nxe4 7. Bxe4 Nf6 8.
Bd3 Bg4 9. c3 e6 10. h3 Bh5 11. O-O Bd6 12. Re1 O-O 13. Bg5 Qc7 14. Bxf6 gxf6
15. Qe2 Kh8 16. Qe3 Bf4 17. Qe4 f5 18. Qe2 Rg8 19. Kh1 Rg6 20. Rg1 Rag8 21. Raf1
Rh6 22. Qd1 Bg4 0-1

[Event "Titled Tue 10th Jun Early"]
[Site "chess.com INT"]
[Date "2025.06.10"]
[Round "1"]
[White "Tang, Andrew"]
[Black "Garcia Almaguer, Juan Manuel"]
[Result "1-0"]
[WhiteTitle "GM"]
[BlackTitle "CM"]
[WhiteElo "2529"]
[BlackElo "2142"]
[WhiteFideId "2059630"]
[BlackFideId "5110491"]
[EventDate "2025.06.10"]

1. d4 Nf6 2. c4 e6 3. Nc3 d5 4. cxd5 exd5 5. Bg5 Nbd7 6. e3 Bb4 7. Bd3 c5 8. Ne2
Qa5 9. O-O h6 10. Bxf6 Nxf6 11. Bb5+ Ke7 12. dxc5 Rd8 13. a3 Bxc3 14. Nxc3 Bg4
15. Qd4 a6 16. Bd3 Rac8 17. h3 Be6 18. b4 Qc7 19. Rfd1 b6 20. Na4 b5 21. Nb6 Rb8
22. a4 Bd7 23. axb5 Bxb5 24. Bxb5 axb5 25. Ra5 1-0

[Event "Titled Tue 10th Jun Early"]
[Site "chess.com INT"]
[Date "2025.06.10"]
[Round "1"]
[White "Iljin, Timofey"]
[Black "Santos, Antonio P"]
[Result "0-1"]
[WhiteTitle "IM"]
[BlackTitle "FM"]
[WhiteElo "2242"]
[BlackElo "2165"]
[WhiteFideId "14110180"]
[BlackFideId "1900161"]
[EventDate "2025.06.10"]

1. e4 c5 2. Nc3 Nc6 3. g3 g6 4. Bg2 Bg7 5. d3 e6 6. Nge2 Nge7 7. O-O O-O 8. f4
Rb8 9. a4 d6 10. g4 f5 11. Ng3 b6 12. exf5 gxf5 13. gxf5 exf5 14. Kh1 Bb7 15.
Nh5 Nd4 16. Bxb7 Rxb7 17. Nxg7 Kxg7 18. Rg1+ Ng6 19. Nd5 Kh8 20. Bd2 Rg7 21. Bc3
Qa8 22. Rg2 Qxd5 23. Qf1 Nh4 0-1

[Event "Titled Tue 10th Jun Early"]
[Site "chess.com INT"]
[Date "2025.06.10"]
[Round "1"]
[White "Zenin, Dmitry"]
[Black "Erigaisi, Arjun"]
[Result "0-1"]
[WhiteTitle "FM"]
[BlackTitle "GM"]
[WhiteElo "2115"]
[BlackElo "2782"]
[WhiteFideId "4127897"]
[BlackFideId "35009192"]
[EventDate "2025.06.10"]

1. d4 b6 2. c4 Bb7 3. Nc3 g6 4. e4 Bg7 5. f4 d6 6. Nf3 e6 7. Bd3 Ne7 8. O-O Nd7
9. Be3 h6 10. Qd2 f5 11. e5 dxe5 12. dxe5 g5 13. Rae1 gxf4 14. Bxf4 Ng6 15. Bc2
Bxf3 16. Rxf3 Ndxe5 17. Rg3 Qxd2 18. Bxd2 Kf7 19. Bb3 Rad8 20. Re2 Nd3 0-1

[Event "Titled Tue 10th Jun Early"]
[Site "chess.com INT"]
[Date "2025.06.10"]
[Round "1"]
[White "Salimova, Asal"]
[Black "Lyakh, Vasiliy"]
[Result "0-1"]
[WhiteTitle "WCM"]
[WhiteElo "2063"]
[BlackElo "2123"]
[WhiteFideId "14204940"]
[BlackFideId "14189828"]
[EventDate "2025.06.10"]

1. c4 e5 2. g3 c6 3. Bg2 d5 4. cxd5 cxd5 5. d4 e4 6. Nc3 Nc6 7. f3 f5 8. fxe4
fxe4 9. e3 Nf6 10. Nge2 Bb4 11. O-O Bxc3 12. Nxc3 O-O 13. Qb3 Kh8 14. Nxd5 Be6
15. Rxf6 gxf6 16. Bxe4 Ne7 17. Qxb7 Bxd5 18. Bxd5 Nxd5 19. Bd2 Rb8 20. Qxa7 Qb6
21. Qd7 Qxb2 22. Rf1 Qxd2 23. Qxd5 Rb2 0-1

[Event "Titled Tue 10th Jun Early"]
[Site "chess.com INT"]
[Date "2025.06.10"]
[Round "1"]
[White "Ersoz, Teoman Guney"]
[Black "Serra Canals, Oriol"]
[Result "1-0"]
[WhiteTitle "CM"]
[BlackTitle "CM"]
[WhiteElo "2052"]
[BlackElo "2116"]
[WhiteFideId "44537050"]
[BlackFideId "22276084"]
[EventDate "2025.06.10"]

1. d4 f5 2. Nh3 Nf6 3. c4 e6 4. Nc3 Bb4 5. Nf4 d6 6. Qa4+ Nc6 7. d5 Bxc3+ 8.
bxc3 e5 9. dxc6 bxc6 10. Nd5 O-O 11. Qxc6 Bd7 12. Qxc7 Qe8 13. Qxd6 Rc8 14. Ba3 1-0

[Event "Titled Tue 10th Jun Early"]
[Site "chess.com INT"]
[Date "2025.06.10"]
[Round "1"]
[White "Materia, Marco"]
[Black "Sihite, Chelsie Monica Ignesias"]
[Result "1-0"]
[WhiteTitle "IM"]
[BlackTitle "WIM"]
[WhiteElo "2489"]
[BlackElo "2223"]
[WhiteFideId "45150451"]
[BlackFideId "7101198"]
[EventDate "2025.06.10"]

1. b3 d5 2. Bb2 Nf6 3. Nf3 g6 4. g3 Bg7 5. Bg2 O-O 6. O-O c5 7. e3 Nc6 8. d4
cxd4 9. exd4 Bf5 10. a3 Rc8 11. Nbd2 Qd7 12. Re1 Bh3 13. Ne5 Qf5 14. Nxc6 Rxc6
15. c4 Bxg2 16. Kxg2 Qd7 17. c5 b6 18. b4 bxc5 19. dxc5 a6 20. Nf3 Re6 21. Rxe6
Qxe6 22. Qd3 Ne4 23. Bxg7 Kxg7 24. Re1 Qf5 25. Re2 a5 26. Nd2 axb4 27. axb4 Nxd2
28. Qxf5 gxf5 29. Rxd2 e6 30. c6 Kf6 31. b5 Ke5 32. b6 Kd6 33. Rc2 d4 34. c7 d3
35. c8=Q dxc2 36. Qxf8+ 1-0

[Event "Titled Tue 10th Jun Early"]
[Site "chess.com INT"]
[Date "2025.06.10"]
[Round "1"]
[White "Nguyen, Ngoc Truong Son"]
[Black "Grave, Jacob Templen"]
[Result "1-0"]
[WhiteTitle "GM"]
[BlackTitle "FM"]
[WhiteElo "2600"]
[BlackElo "2350"]
[WhiteFideId "12401110"]
[BlackFideId "1542656"]
[EventDate "2025.06.10"]

1. e4 c6 2. d4 d5 3. e5 Bf5 4. g4 Be4 5. f3 Bg6 6. e6 Qd6 7. exf7+ Bxf7 8. f4 g5
9. fxg5 Bg7 10. Nf3 Nd7 11. Nc3 e5 12. Nh4 exd4 13. Nf5 Qe5+ 14. Ne2 c5 15. Bf4
Qe4 16. Nd6+ Kf8 17. Nxe4 dxe4 18. Bg2 1-0

[Event "Titled Tue 10th Jun Early"]
[Site "chess.com INT"]
[Date "2025.06.10"]
[Round "1"]
[White "Gurel, Ediz"]
[Black "Bilous, Mykhailo"]
[Result "1-0"]
[WhiteTitle "GM"]
[BlackTitle "IM"]
[WhiteElo "2636"]
[BlackElo "2419"]
[WhiteFideId "44507356"]
[BlackFideId "14127555"]
[EventDate "2025.06.10"]

1. b3 Nf6 2. Bb2 d6 3. Nf3 Nbd7 4. d4 g6 5. e3 Bg7 6. Be2 O-O 7. O-O c6 8. c4
Qc7 9. Nc3 e5 10. dxe5 dxe5 11. Ba3 Rd8 12. Be7 Re8 13. Bd6 Qd8 14. Qc2 e4 15.
Ng5 Ne5 16. Rad1 Nd3 17. Ngxe4 Nxe4 18. Nxe4 Rxe4 19. Bxd3 Re8 20. Bf4 Qf6 21.
Be4 Bg4 22. Rd6 Re6 23. Rxe6 Qxe6 24. h3 Re8 25. hxg4 Qxe4 26. Qxe4 Rxe4 27. Rd1
Bf6 28. g5 Be5 29. Rd8+ Kg7 30. Re8 f6 31. Re7+ Kf8 32. gxf6 1-0

[Event "Titled Tue 10th Jun Early"]
[Site "chess.com INT"]
[Date "2025.06.10"]
[Round "1"]
[White "Levi, Eddy L"]
[Black "Germanovs, Georgijs"]
[Result "0-1"]
[WhiteTitle "FM"]
[BlackTitle "CM"]
[WhiteElo "2147"]
[BlackElo "2260"]
[WhiteFideId "3200183"]
[BlackFideId "11609710"]
[EventDate "2025.06.10"]

1. e4 e5 2. Nc3 Nc6 3. Bc4 Nf6 4. Nf3 Nxe4 5. Nxe4 d5 6. Bd3 dxe4 7. Bxe4 Bd6 8.
d3 O-O 9. O-O Ne7 10. d4 f5 11. dxe5 fxe4 12. exd6 exf3 13. dxe7 Qxe7 14. Re1
Be6 15. gxf3 Qf7 16. Re3 Rad8 17. Qe2 Qg6+ 18. Kh1 Bh3 19. Qc4+ Kh8 0-1

[Event "Titled Tue 10th Jun Early"]
[Site "chess.com INT"]
[Date "2025.06.10"]
[Round "1"]
[White "Bacus, Dharim"]
[Black "Navoyan, Gagik"]
[Result "0-1"]
[WhiteTitle "FM"]
[BlackTitle "CM"]
[WhiteElo "2131"]
[BlackElo "2186"]
[WhiteFideId "5201527"]
[BlackFideId "13314866"]
[EventDate "2025.06.10"]

1. e4 e5 2. Nf3 Nc6 3. Bb5 a6 4. Ba4 Nf6 5. d3 Bc5 6. a3 O-O 7. O-O b5 8. Bb3 d6
9. h3 h6 10. c3 Ba7 11. Re1 Qe7 12. Be3 Be6 13. Nbd2 Bxe3 14. Rxe3 d5 15. exd5
Nxd5 16. Bxd5 Bxd5 17. Qe2 Rfe8 18. Re1 f6 19. d4 Qf7 20. dxe5 fxe5 21. Nxe5
Nxe5 22. Rxe5 Rf8 23. Re7 Qg6 24. Qg4 Qf6 25. f3 Rad8 26. Rxc7 Qb6+ 27. Qd4 Qxc7 0-1

[Event "Titled Tue 10th Jun Early"]
[Site "chess.com INT"]
[Date "2025.06.10"]
[Round "1"]
[White "Van Baar, Esper"]
[Black "Hoeffer, David"]
[Result "0-1"]
[WhiteTitle "FM"]
[BlackTitle "FM"]
[WhiteElo "2232"]
[BlackElo "2295"]
[WhiteFideId "1049321"]
[BlackFideId "24606766"]
[EventDate "2025.06.10"]

1. c4 e5 2. Nc3 Nc6 3. g3 Bc5 4. Bg2 d6 5. e3 Bf5 6. Nge2 Bd3 7. O-O Nge7 8. Na4
Bxc4 9. Nxc5 dxc5 10. Re1 Bxe2 11. Qxe2 O-O 12. d3 Qd7 13. b3 Rad8 14. Rd1 b6
15. Bb2 f6 16. Rac1 Nb4 17. a3 Nxd3 18. Be4 Nxc1 19. Qc4+ Kh8 20. Rxd7 Rxd7 21.
Bxc1 Rfd8 22. Kg2 Nd5 23. Bb2 c6 24. Qc2 g6 25. h4 Kg7 26. g4 Kf7 27. h5 Nxe3+
28. fxe3 Rd2+ 0-1

[Event "Titled Tue 10th Jun Early"]
[Site "chess.com INT"]
[Date "2025.06.10"]
[Round "1"]
[White "Zozek Salah Mohammed"]
[Black "Kosteniuk, Alexandra"]
[Result "0-1"]
[WhiteTitle "FM"]
[BlackTitle "GM"]
[WhiteElo "2205"]
[BlackElo "2474"]
[WhiteFideId "4803361"]
[BlackFideId "4128125"]
[EventDate "2025.06.10"]

1. d4 f5 2. Bg5 Nf6 3. Bxf6 exf6 4. e3 d5 5. Bd3 c6 6. Qf3 g6 7. h4 h5 8. Ne2
Bd6 9. Nf4 Kf7 10. Nd2 Nd7 11. Nxd5 cxd5 12. Qxd5+ Ke7 13. Bc4 Qf8 14. Qe6+ Kd8
15. Bb5 a6 16. Be2 Nc5 17. Qc4 Be6 18. Qc3 Nd7 19. Nc4 Bb4 0-1

[Event "Titled Tue 10th Jun Early"]
[Site "chess.com INT"]
[Date "2025.06.10"]
[Round "1"]
[White "Chiang, Jacob"]
[Black "Bustelo, Tabare"]
[Result "1-0"]
[BlackTitle "CM"]
[WhiteElo "2006"]
[BlackElo "2043"]
[WhiteFideId "30962331"]
[BlackFideId "3000362"]
[EventDate "2025.06.10"]

1. d4 c5 2. d5 d6 3. c4 b5 4. cxb5 a6 5. e4 g6 6. Bd2 Nf6 7. Bc3 Bg7 8. Nd2 O-O
9. a4 axb5 10. Bxb5 Na6 11. Ngf3 Nc7 12. Bd3 e6 13. dxe6 fxe6 14. O-O d5 15.
exd5 exd5 16. Be5 c4 17. Bc2 Bg4 18. h3 Be6 19. Re1 Bf7 20. Nxc4 Ne6 21. Nd6 Ra6
22. Nxf7 Rxf7 23. Bd3 Raa7 24. Nd4 Nxd4 25. Bxd4 Rae7 26. Rxe7 Qxe7 27. a5 Ne4
28. Bxe4 dxe4 29. Bxg7 Kxg7 30. Qd4+ Kh6 31. a6 1-0

[Event "Titled Tue 10th Jun Early"]
[Site "chess.com INT"]
[Date "2025.06.10"]
[Round "1"]
[White "Askarov, Bakhtiyar"]
[Black "Marchesich, Giovanni"]
[Result "1-0"]
[WhiteTitle "IM"]
[BlackTitle "CM"]
[WhiteElo "2297"]
[BlackElo "2189"]
[WhiteFideId "13701100"]
[BlackFideId "2824790"]
[EventDate "2025.06.10"]

1. d4 c5 2. d5 e5 3. e4 d6 4. Nc3 Be7 5. Bb5+ Bd7 6. a4 Bg5 7. Bxg5 Qxg5 8. Nf3
Qd8 9. O-O a6 10. Bxd7+ Nxd7 11. Nd2 Ne7 12. a5 O-O 13. Nc4 Nc8 14. Qd2 f5 15.
exf5 Rxf5 16. Ne4 Nf8 17. f4 exf4 18. Rxf4 Rxf4 19. Qxf4 Ng6 20. Qf5 Qf8 21.
Qe6+ Qf7 22. Nexd6 Qxe6 23. dxe6 Nxd6 24. Nxd6 Rd8 25. Nxb7 Rd2 26. Nxc5 Nf4 27.
e7 Kf7 28. Rf1 Rxg2+ 29. Kh1 g5 30. Rxf4+ 1-0

[Event "Titled Tue 10th Jun Early"]
[Site "chess.com INT"]
[Date "2025.06.10"]
[Round "1"]
[White "Sturt, Raven"]
[Black "Rom, Jasper"]
[Result "1-0"]
[WhiteTitle "GM"]
[WhiteElo "2459"]
[BlackElo "2163"]
[WhiteFideId "2007304"]
[BlackFideId "2023733"]
[EventDate "2025.06.10"]

1. f4 d5 2. Nf3 g6 3. e3 Bg7 4. c4 c6 5. cxd5 cxd5 6. d4 Nc6 7. Nc3 Nh6 8. Qb3
e6 9. Bd2 O-O 10. Bd3 Na5 11. Qc2 Bd7 12. O-O Rc8 13. b3 b5 14. Qb2 b4 15. Nd1
Qb6 16. Nf2 Nb7 17. Ne5 Be8 18. Rfc1 Nd6 19. Rxc8 Nxc8 20. a3 a5 21. axb4 axb4
22. Qc1 Bb5 23. Bxb4 Rd8 24. Ba5 1-0

[Event "Titled Tue 10th Jun Early"]
[Site "chess.com INT"]
[Date "2025.06.10"]
[Round "1"]
[White "Borgaonkar, Akshay"]
[Black "Kiremitciyan, Ari"]
[Result "1-0"]
[WhiteTitle "FM"]
[BlackTitle "FM"]
[WhiteElo "2453"]
[BlackElo "2271"]
[WhiteFideId "25639110"]
[BlackFideId "6373445"]
[EventDate "2025.06.10"]

1. Nf3 Nf6 2. b3 d5 3. Bb2 e6 4. e3 Be7 5. c4 O-O 6. Nc3 b6 7. Qc2 Bb7 8. d4
Nbd7 9. Bd3 dxc4 10. Bxc4 c5 11. Rd1 Qc8 12. d5 exd5 13. Nxd5 Nxd5 14. Bxd5 Bxd5
15. Rxd5 Nf6 16. Ng5 g6 17. Re5 Bd6 18. Qc3 h6 19. Rd5 Nxd5 20. Qh8# 1-0

[Event "Titled Tue 10th Jun Early"]
[Site "chess.com INT"]
[Date "2025.06.10"]
[Round "1"]
[White "Jval Saurin Patel"]
[Black "Denishev, Marat"]
[Result "1-0"]
[WhiteTitle "FM"]
[BlackTitle "FM"]
[WhiteElo "2331"]
[BlackElo "2101"]
[WhiteFideId "25968343"]
[BlackFideId "24131563"]
[EventDate "2025.06.10"]

1. d4 d5 2. c4 e6 3. Nc3 Nf6 4. cxd5 Nxd5 5. e4 Nxc3 6. bxc3 c5 7. Nf3 cxd4 8.
cxd4 Bb4+ 9. Bd2 Bxd2+ 10. Qxd2 O-O 11. Bc4 b6 12. O-O Bb7 13. Rfe1 Nc6 14. Rad1
Na5 15. Bd3 Rc8 16. Qf4 Nc4 17. Rc1 Nb2 18. Bf1 Qe7 19. Qe3 Qb4 20. Rb1 Rc2 21.
Re2 Rfc8 22. Ne1 Rxe2 23. Qxe2 Qxd4 24. Rxb2 h6 25. Rc2 Rxc2 26. Nxc2 Bxe4 1-0

[Event "Titled Tue 10th Jun Early"]
[Site "chess.com INT"]
[Date "2025.06.10"]
[Round "1"]
[White "Bellissimo, Joseph F."]
[Black "Bharath, Subramaniyam H"]
[Result "0-1"]
[BlackTitle "GM"]
[WhiteElo "2203"]
[BlackElo "2558"]
[WhiteFideId "2609843"]
[BlackFideId "46634827"]
[EventDate "2025.06.10"]

1. e4 e5 2. Nf3 Nc6 3. Bc4 d6 4. d4 Nf6 5. O-O Bg4 6. dxe5 Nxe5 7. Be2 Bxf3 8.
Bxf3 g6 9. Be2 Bg7 10. f4 Ned7 11. Nc3 O-O 12. Be3 Qe7 13. Bf3 c6 14. Qd2 b5 15.
a3 Rad8 16. Rae1 Nb6 17. b3 Rfe8 18. Bd4 Qc7 19. g4 a6 20. g5 Nfd7 21. Bxg7 Kxg7
22. f5 Ne5 23. f6+ Kh8 24. Qf4 Nbd7 25. Qh4 Nxf3+ 26. Rxf3 h5 27. gxh6 Ne5 28.
h7 Nxf3+ 29. Kh1 Nxh4 0-1

[Event "Titled Tue 10th Jun Early"]
[Site "chess.com INT"]
[Date "2025.06.10"]
[Round "1"]
[White "Dwilewicz, Katarzyna"]
[Black "Niemann, Hans Moke"]
[Result "0-1"]
[WhiteTitle "WFM"]
[BlackTitle "GM"]
[WhiteElo "2198"]
[BlackElo "2736"]
[WhiteFideId "1148486"]
[BlackFideId "2093596"]
[EventDate "2025.06.10"]

1. e4 e5 2. Bc4 Nf6 3. d3 Bc5 4. Nc3 d6 5. Nf3 c6 6. Na4 Bb4+ 7. c3 Ba5 8. b4
Bc7 9. Bb3 O-O 10. O-O d5 11. Qe2 h6 12. h3 Re8 13. Re1 Nbd7 14. Nb2 a5 15. a3
Nf8 16. Bd2 Ng6 17. Rad1 axb4 18. axb4 Ra3 19. Bc2 Be6 20. Bc1 b5 21. Bd2 Ra2
22. Rb1 Bb6 23. Bb3 Ra3 24. Bc2 Qa8 25. Nd1 Rd8 26. Bc1 dxe4 27. dxe4 Bc4 0-1